| 000 | 00540nam a2200193Ia 4500 | ||
|---|---|---|---|
| 003 | IN-BaIIA | ||
| 008 | 211028s9999 xx 000 0 eng d | ||
| 040 | _cIIA Library | ||
| 080 |
_a551.5 _bTOY |
||
| 100 |
_aToynbee, Henry _9463 |
||
| 245 | 4 |
_aThe meteorology of the north Atlantic during August 1873 _cHenry Toynbee |
|
| 260 |
_aLondon _bH.M. Stationery Office _c1878 |
||
| 300 | _a103p. | ||
| 650 | _aAstronomy and Astrophysics Thesaurus | ||
| 650 | _aClimatology | ||
| 650 | _aEarth Atmosphere | ||
| 650 | _aMeteorology | ||
| 942 | _cBK | ||
| 999 |
_c242 _d242 |
||